00621nam a2200169 a 4500008004100000050001500041100002500056245004300081260003300124300001700157350000900174650001200183650001300195995009500208999001700303952013100320120416s1969 ||||||||||||||||| || u aGN 491 Lev aLevi-Strauss, Claude10aTotemismctranslated by Rodney Needham aHarmondsworthbPenguinc1969 a190p. : ill. a0.00 aCULTURE aTOTEMISM D0.00FCBU-MAIN LIBRARY (Kitwe)H1I6.00M1UAVAILABLEZMain Library Open Access Collection c60014d60014 00102lcc4070a001b001cMain Library Open Access Collectiond2022-11-30l0oGN 491 Levp000661r2022-11-30w2022-11-30y002